000 00698nam a22002057a 4500
999 _c19349
_d19349
003 AR-CdUCM
008 190223b ||||| |||| 00| 0 spa d
040 _aMUNICIPALIDAD PROVINCIAL DEL CUSCO
_cBIBLIOTECA MUNICIPAL DEL CUSCO
082 _a985.01 /
_bC972
100 _aCuneo Vidal, Romulo
_918204
245 _aHistoria de la civilización peruana /
260 _aLima :
_bMorsom,
_c1977.
300 _a489 páginas ;
_c23 cm.
505 _aContenido : Los chullpas -- El advenimiento de los collas -- La organización ayllal...
650 _aCivilizacion Peruana
_940634
650 _aEtapas de civilización
_940635
650 _aHatun colla
_940636
942 _2ddc
_cLIBROS
945 _arcc